000 00670nam a2200217 u 4500
005 20240910063839.0
008 141027s2003 r 000 0 eng d
020 _a8426413749
035 _aUPN01000200540
049 _aI
050 4 _aPS3551 U8
_bC8.3
100 1 _aAuster, Paul,
_d1947-
_928861
245 1 3 _aEl cuento de Auggie Wren /
_cPaul Auster ; il. Isol ; tr. Ana Nuño.
260 _aBarcelona, Esp. :
_bLumen,
_c2003.
300 _a30 p. :
_bil. col.
440 0 _aAuggie Wren´s Christmas Story
650 4 _aLiteratura juvenil estadounidense
_912776
650 4 _aLIBROS Y LECTURA PARA LA JUVENTUD
_910549
905 _aInfantil
999 _c172641
_d172641